Regional'noje programmnoje planirovanije voprosy teorii i praktiki

Gespeichert in:
Bibliographische Detailangaben
Weitere Verfasser: Šniper, Ruvin Isaakovič
Format: Buch
Sprache:Russisch
Veröffentlicht: Nivosibirsk Nauka 1981
Tags: Tag hinzufügen
Keine Tags, Fügen Sie das erste Tag hinzu!

MARC

LEADER 00000nam a2200000 4500
001 c134910
005 20230224080442.1
041 0 |a rus 
044 |a UA 
245 1 0 |a Regional'noje programmnoje planirovanije  |b voprosy teorii i praktiki  |c Red. R.I. Šniper 
264 1 |a Nivosibirsk  |b Nauka  |c 1981 
300 |a 287 s. 
700 1 |a Šniper, Ruvin Isaakovič